000 00928cam a22003137a 4500
003 CHAP
005 20231109113442.0
008 971013s1987 r 00010 d
010 _a5350
011 _a6322
035 _a5542
040 _cCHAP
090 _aFolleto 13873
110 0 _aFondo Internacional de Desarrollo Agrícola (FIDA)
_942116
245 1 4 _aThe poor are bankable
_b: rural credit the IFAD way
260 _aRoma :
_bIFAD,
_c1987
300 _a23 p.
_b: ilus.
500 _a56-310
590 _aBATCH-UPD
_b10
_c20130110
_lUCH01
_h0949
590 _aBATCH-UPD
_b10
_c20130410
_lUCH01
_h0604
590 _aBATCH-UPD
_b10
_c20130914
_lUCH01
_h1059
590 _aCONVERSION
_b10
_c20130109
_lUCH01
_h1304
650 1 4 _aCrédito agrícola.
_929022
650 1 4 _aDesarrollo rural.
_932067
650 1 4 _aPobreza.
_989463
901 _aBK
942 _cFOLL
949 _aFolleto 13873
_bBC
_cFOLL
_d-15128
_eTS1
_i5542
_si
999 _c5350
_d5350